| 000 | 00657nam a2200241Ia 4500 | ||
|---|---|---|---|
| 003 | OSt | ||
| 005 | 20221007081819.0 | ||
| 006 | a|||||r|||| 00| 0 | ||
| 007 | ta | ||
| 008 | 221006b |||||||| |||| 00| 0 eng d | ||
| 024 | _a29,758 | ||
| 037 | _cTextual | ||
| 040 |
_aFLL _cFLL _beng |
||
| 041 |
_2eng _aeng |
||
| 082 | _aY111:45:6Y7, K9.1 | ||
| 100 | _aCavan Ruth Shonle Ed. | ||
| 245 | 0 | _aJuvenile delinquency | |
| 250 | _a2nd | ||
| 260 |
_aPhiladelphia _bJ.B. Lippincott Company Philadelphia _c1969 |
||
| 300 |
_ax,499p _ccm. |
||
| 942 |
_hY111:45:6Y7, K9.1 _cTEXL _2CC |
||
| 999 |
_c1164353 _d1164353 |
||